States of America in Chinese (Phonetic) Quiz Stats

 Plays Quiz not verified by Sporcle

Challenge
Share
Tweet
Embed
Score 0/50 Timer 06:00
0 Plays Today
State in Chinese (Phonetic) State in English % Correct
AlasijiaAlaska
85.5%
FoluolidaFlorida
85.3%
KansasiKansas
84.6%
Yalabama Alabama
84.1%
MixigenMichigan
83.2%
AiaowaIowa
82.5%
AkenseArkansas
82%
KentajiKentucky
82%
AokelahemaOklahoma
82%
AidaheIdaho
81.1%
YindiannaIndiana
80.4%
LuyixiannaLouisiana
80%
MisuliMissouri
79.7%
MixixibiMississippi
78.6%
MasazhusaiMassachusetts
78.3%
MingnisudaMinnesota
78.1%
TiannaxiTennessee
76.5%
NiuyueNew York
76.3%
JialifuniyaCalifornia
76%
YoutaUtah
75.6%
YilinuoyiIllinois
75.1%
NeihuadaNevada
75.1%
HuashengdunWashington
74.9%
NandaketaSouth Dakota
74.4%
KeluoladuoColorado
72.8%
State in Chinese (Phonetic) State in English % Correct
FojiniyaVirginia
72.8%
NankaluolainaSouth Carolina
72.4%
EhaieOhio
72.1%
BeidaketaNorth Dakota
71.9%
WeisikangxingWisconsin
71.4%
NeibulasijiaNebraska
71.2%
BeikaluolainaNorth Carolina
70%
MengdanaMontana
67.1%
HuaiemingWyoming
66.6%
XifojiniyaWest Virginia
65.9%
XiaweiyiHawaii
64.7%
MalilanMaryland
63.6%
XinmoxigeNew Mexico
62.7%
MianyinMaine
59.9%
XinhanbushierNew Hampshire
54.6%
XinzexiNew Jersey
53%
KangniedigeConnecticut
50.5%
ZuozhiyaGeorgia
50.2%
YalisangnaArizona
50%
DekesasiTexas
47.9%
FomengteVermont
46.5%
TelahuaDelaware
45.4%
ElegangOregon
45.4%
BinxifaniyaPennsylvania
41%
LuodedaoRhode Island
37.1%

You're not logged in!

Compare scores with friends on all Sporcle quizzes.
OR
Log In

You Might Also Like...

Show Comments

Extras

Top Quizzes Today


Score Distribution

Your Account Isn't Verified!

In order to create a playlist on Sporcle, you need to verify the email address you used during registration. Go to your Sporcle Settings to finish the process.

Report this User

Report this user for behavior that violates our Community Guidelines.

Details: